Quiz en cascade #3 - Statistiques

Statistiques générales
  • Ce quiz a été pris 240 fois
  • Le résultat moyen est 16 sur 22
Statistiques - réponses
Hint Réponse % Correct
Notre étoile se nomme le... Soleil (début)
97%
Ayant vécu la... guerre
90%
Chanté par un prénommé... Frank
89%
Où a été inventée la... calculatrice
87%
Ou en anglais... more
87%
Vénérés au nord de l'... Inde
83%
Qui est également le nom d'une fille... allemande
82%
Connu pour sa longue... queue
81%
En moyenne plus longue que celle des... rats
80%
Qui peuvent contenir des... graines
77%
Levant quand il qualifie le... Japon
76%
Qui font la fierté de la... Loire
76%
Où l'on trouve des... grenades
73%
Où l'on trouve la touche... plus
73%
Appelé erg quand il est de... sable
69%
Qui, sans e est un... rongeur
67%
Qui, pour Tintin, est celui du... Soleil (fin)
65%
Dans de nombreux... temples
65%
Avec lequel on fait des... châteaux
62%
Où l'on trouve le... désert
53%
Lorsqu'elles poussent au... Maghreb
50%
Composé de trois... pays
47%
Aucun quiz correspondant
Distribution des résultats
% des personnes avec chaque résultat
Percentile par nombre de réponses
Votre historique - résultats
Vous n’avez pas pris ce quiz